Southville International School and Colleges
Your cart is empty.
  • Cart
  • Lists
    Public lists Eva Luna New books Lux_list list_1
    Your lists Log in to create your own lists
  • Log in to your account
  • Your cookies
  • Search history
Southville International School and Colleges
  • Advanced search
  • Recent comments
  • Most popular
  • Libraries

Log in to your account

Log in with GOOGLE


If you do not have an external account, but do have a local account, you can still log in:

  1. Home
  2. MARC view: Multicultural education :
Normal view MARC view ISBD view

Multicultural education : (Record no. 117946)

[ view plain ]
MARC details
000 -LEADER
fixed length control field 00668nam a2200193Ia 4500
008 - FIXED-LENGTH DATA ELEMENTS--GENERAL INFORMATION
fixed length control field 140609s9999 xx 000 0 und d
020 ## - INTERNATIONAL STANDARD BOOK NUMBER
International Standard Book Number 9780417228134
050 ## - LIBRARY OF CONGRESS CALL NUMBER
Classification number LC 1099.3
Item number .M85 2003
245 ## - TITLE STATEMENT
Title Multicultural education :
Remainder of title issues and perspectives /
Statement of responsibility, etc edited by James A. Banks, Cherry A. McGee Banks
250 ## - EDITION STATEMENT
Edition statement Updated 4th ed.
260 ## - PUBLICATION, DISTRIBUTION, ETC. (IMPRINT)
Place of publication, distribution, etc New York :
Name of publisher, distributor, etc John Wiley & Sons,
Date of publication, distribution, etc c2003.
300 ## - PHYSICAL DESCRIPTION
Extent 444 p. ;
Dimensions 24 cm.
500 ## - GENERAL NOTE
General note Includes bibliographical references, glossary and index.
521 ## - TARGET AUDIENCE NOTE
Target audience note
650 ## - SUBJECT ADDED ENTRY--TOPICAL TERM
Topical term or geographic name as entry element Educational anthropology
General subdivision United States.
650 ## - SUBJECT ADDED ENTRY--TOPICAL TERM
Topical term or geographic name as entry element Educational equalization
General subdivision United States.
942 ## - ADDED ENTRY ELEMENTS (KOHA)
Call number prefix Foreign
Koha item type Books
Holdings
Withdrawn status Lost status Source of classification or shelving scheme Damaged status Home library Current library Shelving location Date acquired Source of acquisition Total Checkouts Full call number Barcode Date last seen Price effective from Koha item type
    Library of Congress Classification   College Library College Library General Circulation Section 06/09/2014 Donation   LC 1099.3 .M85 2003 C18234 05/15/2018 06/09/2014 Books

Multicultural education :

APA

(2003). Multicultural education. New York: John Wiley & Sons.

Chicago

2003. Multicultural education. New York: John Wiley & Sons.

Harvard

(2003). Multicultural education. New York: John Wiley & Sons.

MLA

Multicultural education. New York: John Wiley & Sons. 2003.

  • Place hold
  • Print
  • Cite
  • Add to your cart (remove)
  • Save record
    BIBTEX Dublin Core MARCXML MARC (non-Unicode/MARC-8) MARC (Unicode/UTF-8) MARC (Unicode/UTF-8, Standard) MODS (XML) RIS
  • More searches
    Search for this title in:
    Other Libraries (WorldCat) Other Databases (Google Scholar) Online Stores (Bookfinder.com) Open Library (openlibrary.org)

Exporting to Dublin Core...

SOUTHVILLE LIBRARY

Southville International School and Colleges Library

1281 Tropical Ave. Cor. Luxembourg St., BF Homes International, Las Pinas City

Tel. No. 8256374 / 252358 Loc. 117/146

Powered by Koha